Normal view
MARC view
Entry Corporate Name
001 - CONTROL NUMBER
- control field: 366384
003 - CONTROL NUMBER IDENTIFIER
- control field:
005 - DATE AND TIME OF LATEST TRANSACTION
- control field: 20210602112001.0
008 - FIXED-LENGTH DATA ELEMENTS
- fixed length control field: 210602|| aca||aabn | a|a d
040 ## - CATALOGING SOURCE
- Original cataloging agency:
- Transcribing agency:
110 ## - HEADING--CORPORATE NAME
- Corporate name or jurisdiction name as entry element: Convention for the Protection of Human Rights and Fundamental Freedoms (1950)
670 ## - SOURCE DATA FOUND
- Source citation: Work cat.: (): Fawcett, J. E. S. (James Edmund Sandford), 1913-1991 366382, The application of the European Convention on Human Rights /, c1987
